000 00842nam a2200253Ia 4500
003 OSt
005 20221005113507.0
006 a|||||r|||| 00| 0
007 ta
008 221004b |||||||| |||| 00| 0 pan d
020 _c150
024 _a11374
037 _b830, 15/03/2014, H.K. Prakashan
_cTextual
040 _aCRL
_cCRL
_bpan
041 _2pan
_apan
082 _aO153,3N332,WA, P9
100 _aਸੇਖੋ੍ਵ, ਬਲਜੀਤ ਸਿੰਘ
245 0 _aਵਕਤ
260 _aਲੁਧਿਆਣਾ
_bਲਾਹੌਰ ਬੁੱਕ Fਾਪ ਭਾਰਤ
_c2009
300 _a192ਪੰ
_ccm.
650 _aਪੰਜਾਬੀ ਸਾਹਿਤ
942 _hO153,3N332,WA, P9
_cTEXL
_2cc
999 _c1028367
_d1028367